[Event "Junior Online 4NCL Division 4"]
[Site "online"]
[Date "2020.10.01"]
[Round "4.203"]
[White "Thorburn, Rory"]
[Black "Bruhn, Jonas"]
[Result "1-0"]
[WhiteElo "962"]
[BlackElo "1210"]
[PlyCount "133"]
[EventDate "2020.10.01"]
[WhiteTeam "Tetherdown Bishops"]
[BlackTeam "Barnet Knights D"]

1. e4 e5 2. Nf3 Nc6 3. Nc3 d6 4. h3 Be6 5. d3 Nf6 6. Bg5 Be7 7. d4 Nb4 8. dxe5
dxe5 9. Qxd8+ Rxd8 10. Nxe5 Nxc2+ 11. Ke2 Nxa1 12. Nb5 Nc2 13. Nxc7+ Kf8 14.
Nxe6+ fxe6 15. Bxf6 Bxf6 16. Ng4 Nd4+ 17. Ke3 Nc2+ 18. Kf3 Ne1+ 19. Ke2 Nc2 20.
e5 Bg5 21. h4 Rd2+ 22. Kf3 Nd4+ 23. Ke4 Be7 24. h5 Rxb2 25. h6 Nc2 26. hxg7+
Kxg7 27. Bd3 Nb4 28. Bc4 Rc8 29. Bxe6 Re2+ 30. Kd4 Nc6+ 31. Kd3 Nxe5+ 32. Nxe5
Rxe5 33. Bxc8 Rd5+ 34. Ke4 Rg5 35. Bxb7 Rxg2 36. Rf1 Rg4+ 37. Kd3 Rf4 38. Rg1+
Kh8 39. Bd5 h6 40. Rg6 Kh7 41. Re6 Bh4 42. Be4+ Kg7 43. Rg6+ Kf7 44. Rxh6 Bxf2
45. Ra6 Rf6 46. Bd5+ Kg6 47. Be4+ Kg7 48. Ra5 Rd6+ 49. Ke2 Bb6 50. Rg5+ Kf6 51.
Rf5+ Ke6 52. Bb1 Ke7 53. a4 Re6+ 54. Kf1 a5 55. Rh5 Rf6+ 56. Ke2 Re6+ 57. Kf3
Rf6+ 58. Bf5 Kd6 59. Ke4 Rf8 60. Rh6+ Kc5 61. Bd7 Kb4 62. Rxb6+ Kc5 63. Rb5+
Kc4 64. Rxa5 Rf6 65. Rf5 Ra6 66. Bb5+ Kb4 67. Bxa6 1-0

[Event "Junior Online 4NCL Division 4"]
[Site "online"]
[Date "2020.10.01"]
[Round "4.204"]
[White "Perl, Joseph"]
[Black "Kirk, Alex"]
[Result "1-0"]
[WhiteElo "1165"]
[BlackElo "857"]
[PlyCount "115"]
[EventDate "2020.10.01"]
[WhiteTeam "Barnet Knights D"]
[BlackTeam "Tetherdown Bishops"]

1. Nf3 Nf6 2. g3 Nc6 3. Bg2 e5 4. e3 d6 5. d3 Bg4 6. h3 Bxf3 7. Qxf3 Nb4 8. Kd1
Qe7 9. a3 Nc6 10. d4 exd4 11. exd4 Qe4 12. Qxe4+ Nxe4 13. Bxe4 Be7 14. Re1 Rd8
15. Bxc6+ bxc6 16. Bg5 f6 17. Be3 c5 18. dxc5 dxc5+ 19. Kc1 f5 20. Bxc5 Rd7 21.
Bxe7 Rxe7 22. Rxe7+ Kxe7 23. Nc3 Rd8 24. b3 Kf6 25. f3 Re8 26. Kb2 Re3 27. Nd5+
Ke5 28. Nxe3 f4 29. Nc4+ Kf5 30. gxf4 Kxf4 31. Rd1 Kxf3 32. Rd3+ Kf4 33. Rd7 g5
34. Rxh7 g4 35. hxg4 Kxg4 36. Rxc7 a6 37. Ne3+ Kf4 38. c4 Kxe3 39. c5 Kd4 40.
c6 Kd5 41. Kc3 Kd6 42. Ra7 Kxc6 43. Rxa6+ Kb7 44. Rh6 Kc7 45. a4 Kb7 46. b4 Ka7
47. a5 Kb7 48. b5 Ka7 49. Ra6+ Kb7 50. Rb6+ Ka7 51. Kc4 Ka8 52. Rf6 Kb7 53. a6+
Ka7 54. Rf7+ Kb6 55. a7 Ka5 56. a8=Q+ Kb6 57. Qb7+ Ka5 58. Qa6# 1-0

[Event "Junior Online 4NCL Division 4"]
[Site "online"]
[Date "2020.10.01"]
[Round "4.205"]
[White "O'Donnell, Elliot"]
[Black "Leustean, Maia"]
[Result "1-0"]
[WhiteElo "1247"]
[BlackElo "1105"]
[PlyCount "127"]
[EventDate "2020.10.01"]
[WhiteTeam "Barnet Knights D"]
[BlackTeam "Tetherdown Bishops"]

1. d4 d5 2. Bf4 Bf5 3. Nc3 Nc6 4. Nb5 Rc8 5. c3 Nf6 6. Qa4 e6 7. Nxa7 Ra8 8.
Nxc6 Rxa4 9. Nxd8 Kxd8 10. Nf3 Ne4 11. Ne5 Kc8 12. Nxf7 Rg8 13. f3 Nd6 14.
Nxd6+ Bxd6 15. Bxd6 cxd6 16. g4 Bg6 17. h4 h6 18. h5 Bh7 19. e3 e5 20. b3 Ra5
21. c4 exd4 22. exd4 dxc4 23. Bxc4 Re8+ 24. Kd2 d5 25. Be2 b5 26. Rhc1+ Kb7 27.
Rc5 Kb6 28. Rxd5 Bg8 29. Rd6+ Kc7 30. Bxb5 Rxb5 31. Ra6 Rb4 32. Rc1+ Kb7 33.
Rg6 Rxd4+ 34. Kc2 Bh7 35. Kc3 Red8 36. Rxg7+ Kc6 37. Rxh7 Rd3+ 38. Kb2+ Kb5 39.
Rb7+ Ka6 40. Rbc7 Rd2+ 41. Kb1 R8d7 42. Rxd7 Rxd7 43. Rc6+ Kb7 44. Rxh6 Rd1+
45. Kc2 Rf1 46. g5 Rxf3 47. g6 Rf2+ 48. Kb1 Rg2 49. Rh7+ Kc6 50. g7 Rg1+ 51.
Kb2 Rg2+ 52. Ka3 Kd7 53. g8=Q+ Kd6 54. Qxg2 Ke6 55. Qe4+ Kf6 56. Qg6+ Ke5 57.
Re7+ Kd5 58. Qe4+ Kd6 59. Qe5+ Kc6 60. Re6+ Kd7 61. Qd6+ Kc8 62. Re8+ Kb7 63.
Re7+ Kc8 64. Qc7# 1-0

[Event "Junior Online 4NCL Division 4"]
[Site "online"]
[Date "2020.10.01"]
[Round "4.206"]
[White "Bedretdinov, Rasul"]
[Black "Gardner, Zac"]
[Result "0-1"]
[WhiteElo "917"]
[BlackElo "1217"]
[PlyCount "66"]
[EventDate "2020.10.01"]
[WhiteTeam "Tetherdown Bishops"]
[BlackTeam "Barnet Knights D"]

1. e4 e5 2. Nf3 Nc6 3. Bc4 Bc5 4. Nc3 Nf6 5. d3 h6 6. h3 a6 7. a3 b5 8. Ba2 d6
9. Bd2 Be6 10. Bxe6 fxe6 11. Qc1 O-O 12. O-O Nd7 13. Bxh6 gxh6 14. Qxh6 Qe7 15.
Ng5 Rf6 16. Qh5 Qg7 17. b4 Bd4 18. Ne2 Bxa1 19. Rxa1 Nd4 20. Ng3 Raf8 21. c3
Nc6 22. Nxe6 Rxe6 23. Nf5 Qh7 24. Qg5+ Kh8 25. Rf1 Rg8 26. Qe3 Qg6 27. Nh4 Qf6
28. Nf5 Qg6 29. g3 Qh5 30. Nh4 Qxh4 31. d4 Qxh3 32. d5 Rh6 33. dxc6 Qh1# 0-1

[Event "Junior Online 4NCL Division 4"]
[Site "online"]
[Date "2020.10.01"]
[Round "4.207"]
[White "Bruhn, Jonas"]
[Black "Thorburn, Rory"]
[Result "0-1"]
[WhiteElo "1210"]
[BlackElo "962"]
[PlyCount "39"]
[EventDate "2020.10.01"]
[WhiteTeam "Barnet Knights D"]
[BlackTeam "Tetherdown Bishops"]

1. d4 d5 2. Bf4 Nc6 3. e3 a6 4. b3 Nf6 5. c4 dxc4 6. bxc4 Bg4 7. Qc2 Nb4 8. Qb3
Nc6 9. h3 Be6 10. Nf3 b5 11. cxb5 Bxb3 12. bxc6 Bc2 13. Nc3 Ne4 14. Nxe4 Bxe4
15. Ne5 Rb8 16. Bxa6 Rb1+ 17. Rxb1 Bxb1 18. Bc4 e6 19. Nxf7 Kxf7 20. O-O 0-1

[Event "Junior Online 4NCL Division 4"]
[Site "online"]
[Date "2020.10.01"]
[Round "4.208"]
[White "Kirk, Alex"]
[Black "Perl, Joseph"]
[Result "1/2-1/2"]
[WhiteElo "857"]
[BlackElo "1165"]
[PlyCount "71"]
[EventDate "2020.10.01"]
[WhiteTeam "Tetherdown Bishops"]
[BlackTeam "Barnet Knights D"]

1. e4 e6 2. d4 d5 3. e5 c5 4. c3 Nc6 5. Nf3 Qb6 6. Be3 Qxb2 7. Nbd2 Qxc3 8.
dxc5 d4 9. Bf4 Bxc5 10. Rc1 Qa5 11. Qc2 b6 12. Kd1 Nb4 13. Qe4 Qa4+ 14. Ke1 Rb8
15. Nxd4 Bb7 16. Qe3 Rd8 17. Rc4 Nc2+ 18. Rxc2 Bxd4 19. Qb3 Qxb3 20. Nxb3 Be4
21. Bb5+ Kf8 22. Rd2 Bc3 23. Bg5 f6 24. exf6 gxf6 25. Be3 Bxd2+ 26. Nxd2 Bxg2
27. Rg1 Bd5 28. a3 Rc8 29. Ke2 Ne7 30. Bh6+ Kf7 31. Rg7+ Kf8 32. Rxh7+ Kg8 33.
Rg7+ Kf8 34. Rh7+ Kg8 35. Rg7+ Kf8 36. Rh7+ 1/2-1/2

[Event "Junior Online 4NCL Division 4"]
[Site "online"]
[Date "2020.10.01"]
[Round "4.211"]
[White "Mallick, Ismail"]
[Black "Dhaliwal, Simrun Kaur"]
[Result "1/2-1/2"]
[WhiteElo "1075"]
[BlackElo "940"]
[PlyCount "85"]
[EventDate "2020.10.01"]
[WhiteTeam "Wimbledon Juniors"]
[BlackTeam "May The Fork Be With You 8"]

1. e4 e5 2. Nf3 Nc6 3. d4 d6 4. d5 Nce7 5. Nc3 Bg4 6. Be2 Nf6 7. Bd2 Ng6 8. O-O
Be7 9. h3 Bd7 10. Re1 O-O 11. Bd3 c6 12. dxc6 bxc6 13. Ne2 Rb8 14. b3 c5 15. c4
Bc6 16. Qc2 Nd7 17. Bc3 Bf6 18. Bb2 Nb6 19. Nc3 a6 20. Nd5 Bxd5 21. exd5 Nf4
22. Be4 a5 23. Bxh7+ Kh8 24. Be4 g6 25. Rad1 Kg7 26. Nd2 Rh8 27. Nf3 Qd7 28.
Nd2 Nxh3+ 29. gxh3 Qxh3 30. Nb1 Bg5 31. Nc3 f5 32. Bg2 Qh2+ 33. Kf1 e4 34. Ke2
Qxg2 35. Rg1 Qf3+ 36. Kf1 Rh1 37. Nb5+ Bf6 38. Bxf6+ Kxf6 39. Nxd6 Qh3+ 40. Ke2
Qf3+ 41. Kf1 Qh3+ 42. Ke2 Qf3+ 43. Kf1 1/2-1/2

[Event "Junior Online 4NCL Division 4"]
[Site "online"]
[Date "2020.10.01"]
[Round "4.212"]
[White "Tulsiani, Aarav"]
[Black "Farsi-Holford, William"]
[Result "0-1"]
[WhiteElo "970"]
[BlackElo "1075"]
[PlyCount "122"]
[EventDate "2020.10.01"]
[WhiteTeam "May The Fork Be With You 8"]
[BlackTeam "Wimbledon Juniors"]

1. e4 e5 2. Nf3 Nc6 3. Bc4 Nf6 4. Nc3 Bc5 5. O-O O-O 6. d3 Nd4 7. Nxd4 Bxd4 8.
Bg5 h6 9. Bh4 d6 10. h3 a6 11. Bxf6 Qxf6 12. Qh5 Qg6 13. Qf3 b5 14. Bb3 Bxc3
15. bxc3 Re8 16. g4 a5 17. Bd5 Rb8 18. Bc6 Re6 19. Bd5 Rf6 20. Qh1 Rf3 21. Qxf3
Rb6 22. h4 Bxg4 23. h5 Bxf3+ 24. hxg6 c6 25. gxf7+ Kf8 26. Rae1 cxd5 27. Re3
Bg4 28. f3 Bh3 29. Rf2 Kxf7 30. f4 exf4 31. Rxf4+ Ke6 32. Rxh3 Ke5 33. Rhh4 g5
34. exd5 gxf4 35. Kf2 Rb8 36. Kf3 Rh8 37. Rxf4 h5 38. d4+ Kxd5 39. Rf5+ Ke6 40.
Ke4 d5+ 41. Rxd5 h4 42. Re5+ Kf6 43. Rf5+ Kg6 44. Kf4 h3 45. Kg4 h2 46. Rf1
h1=Q 47. Rxh1 Rxh1 48. d5 Rd1 49. c4 bxc4 50. Kf4 Rxd5 51. Ke4 Rd2 52. c3 Rxa2
53. Kf4 a4 54. Kg4 a3 55. Kh4 Rd2 56. Kh3 a2 57. Kg3 a1=Q 58. Kf3 Qe1 59. Kf4
Rf2+ 60. Kg3 Qg1+ 61. Kh4 Rh2# 0-1

[Event "Junior Online 4NCL Division 4"]
[Site "online"]
[Date "2020.10.01"]
[Round "4.213"]
[White "Doorduin, Lara"]
[Black "Subramonian, Ananya"]
[Result "1-0"]
[WhiteElo "1075"]
[BlackElo "887"]
[PlyCount "59"]
[EventDate "2020.10.01"]
[WhiteTeam "Wimbledon Juniors"]
[BlackTeam "May The Fork Be With You 8"]

1. e4 e5 2. Nf3 Nc6 3. Bc4 Nf6 4. Nc3 Bc5 5. O-O Ng4 6. Qe2 O-O 7. d4 Bb6 8. d5
Nb4 9. a3 Nxc2 10. Qxc2 Qf6 11. Bg5 Qg6 12. Be7 Qh6 13. h3 Re8 14. Bg5 Qh5 15.
Be2 Qg6 16. hxg4 d6 17. Bd2 c6 18. dxc6 bxc6 19. Na4 Bxg4 20. Nh4 Qh5 21. Bxg4
Qxg4 22. Nf3 Re6 23. Rfd1 Qh5 24. Rac1 Rc8 25. Nxb6 axb6 26. Qa4 b5 27. Qa6 Rc7
28. Qa8+ Rc8 29. Qxc8+ Re8 30. Qxe8# 1-0

[Event "Junior Online 4NCL Division 4"]
[Site "online"]
[Date "2020.10.01"]
[Round "4.214"]
[White "Johnson, Reis"]
[Black "Kou, Edward"]
[Result "1-0"]
[WhiteElo "962"]
[BlackElo "925"]
[PlyCount "127"]
[EventDate "2020.10.01"]
[WhiteTeam "May The Fork Be With You 8"]
[BlackTeam "Wimbledon Juniors"]

1. e4 e5 2. Nf3 Nc6 3. Nc3 Bc5 4. Bb5 f6 5. Bxc6 dxc6 6. Na4 Bd6 7. O-O b5 8.
Nc3 Ne7 9. d4 Bb4 10. dxe5 Qxd1 11. Rxd1 Bg4 12. exf6 gxf6 13. a3 Bxc3 14. bxc3
f5 15. exf5 Nxf5 16. h3 Bh5 17. g4 Bg6 18. gxf5 Bxf5 19. Nh4 Bxc2 20. Re1+ Kd8
21. Re2 Rg8+ 22. Ng2 Bd3 23. Rd2 Ke7 24. Rxd3 c5 25. Bg5+ Rxg5 26. Re3+ Kd6 27.
Rd1+ Kc6 28. Re6+ Kb7 29. Rb1 a6 30. a4 b4 31. cxb4 cxb4 32. Rxb4+ Ka7 33. Re7
Rc8 34. Rh4 a5 35. Rhxh7 Rc5 36. Nf4 Rc1+ 37. Kg2 Rg8+ 38. Rhg7 Rxg7+ 39. Rxg7
Kb6 40. Nd3 Rc4 41. Rg6+ c6 42. Nb2 Rb4 43. Nd3 Rxa4 44. Ne5 Ra1 45. Rxc6+ Kb5
46. Rc2 a4 47. Rb2+ Ka5 48. Nc4+ Ka6 49. Rb6+ Ka7 50. Rb5 Ka6 51. Ra5+ Kb7 52.
Nd6+ Kb6 53. Rb5+ Kc6 54. Rb2 Kxd6 55. h4 a3 56. Rb6+ Kc5 57. Ra6 a2 58. h5 Kb5
59. Ra8 Kb4 60. h6 Kb3 61. h7 Rb1 62. h8=Q a1=Q 63. Rxa1 Rxa1 64. Qxa1 1-0

[Event "Junior Online 4NCL Division 4"]
[Site "online"]
[Date "2020.10.01"]
[Round "4.215"]
[White "Dhaliwal, Simrun Kaur"]
[Black "Mallick, Ismail"]
[Result "1-0"]
[WhiteElo "940"]
[BlackElo "1075"]
[PlyCount "51"]
[EventDate "2020.10.01"]
[WhiteTeam "May The Fork Be With You 8"]
[BlackTeam "Wimbledon Juniors"]

1. e4 c5 2. Nc3 e5 3. Nf3 Nc6 4. Bb5 Bd6 5. Nd5 Nf6 6. d3 Qa5+ 7. Nc3 O-O 8.
Ng5 a6 9. Bc4 b5 10. Bd5 Bb7 11. Bd2 b4 12. Ne2 Qc7 13. Ng3 h6 14. Bxf7+ Rxf7
15. Nxf7 Kxf7 16. Nf5 Bf8 17. Qf3 Bd6 18. Qg3 Rg8 19. O-O Na7 20. Nh4 Nb5 21.
Qg6+ Kf8 22. Nf5 Nd4 23. Bxh6 Ne6 24. Bxg7+ Rxg7 25. Qxf6+ Rf7 26. Qh8# 1-0

[Event "Junior Online 4NCL Division 4"]
[Site "online"]
[Date "2020.10.01"]
[Round "4.216"]
[White "Farsi-Holford, William"]
[Black "Tulsiani, Aarav"]
[Result "0-1"]
[WhiteElo "1075"]
[BlackElo "970"]
[PlyCount "64"]
[EventDate "2020.10.01"]
[WhiteTeam "Wimbledon Juniors"]
[BlackTeam "May The Fork Be With You 8"]

1. e4 e5 2. Nf3 Nc6 3. Nc3 Bc5 4. Bc4 Nf6 5. d3 O-O 6. Bg5 h6 7. Bxf6 Qxf6 8.
Nd5 Qd8 9. O-O d6 10. a3 Be6 11. b4 Bb6 12. Nxb6 axb6 13. Bxe6 fxe6 14. b5 Nd4
15. Nxd4 exd4 16. Rc1 Rxa3 17. Ra1 Qa8 18. Rxa3 Qxa3 19. Qb1 Qa8 20. Qb4 c5 21.
Qb3 Rf7 22. Qxe6 Qf8 23. h3 c4 24. Qxc4 d5 25. Qxd5 Kh8 26. Re1 Rxf2 27. Qxb7
Rf7 28. Qxb6 Qb4 29. Qd8+ Kh7 30. Qd5 Qxe1+ 31. Kh2 Rf1 32. h4 Rh1# 0-1

[Event "Junior Online 4NCL Division 4"]
[Site "online"]
[Date "2020.10.01"]
[Round "4.217"]
[White "Subramonian, Ananya"]
[Black "Doorduin, Lara"]
[Result "0-1"]
[WhiteElo "887"]
[BlackElo "1075"]
[PlyCount "86"]
[EventDate "2020.10.01"]
[WhiteTeam "May The Fork Be With You 8"]
[BlackTeam "Wimbledon Juniors"]

1. e4 e5 2. Nf3 Nc6 3. Nc3 Bc5 4. Bc4 Nf6 5. Ng5 O-O 6. Qf3 Nd4 7. Qg3 Nxc2+ 8.
Kf1 Nxa1 9. Ke2 Nc2 10. Bb3 Nb4 11. Re1 d6 12. Kf1 Bd7 13. d3 Re8 14. Nf3 Nxd3
15. Re3 Nxc1 16. Bc4 Bxe3 17. Qh4 a6 18. fxe3 h6 19. Qg4 Bxg4 20. Ke1 Be6 21.
Bf1 Qd7 22. Kd1 Nxa2 23. Nxa2 Bxa2 24. Kc2 Qa4+ 25. Kc3 Qb3+ 26. Kd2 Qxb2+ 27.
Kd3 Qb5+ 28. Kd2 Qxf1 29. Nh4 Qf2+ 30. Kd3 b5 31. Kc3 a5 32. Kd3 c5 33. Kc3 b4+
34. Kd3 a4 35. g4 b3 36. Kc4 b2+ 37. Kb5 b1=Q+ 38. Kc6 c4 39. Kxd6 c3 40. Kc7
c2 41. Kd6 c1=Q 42. g5 Nxe4+ 43. Kd7 Qb7# 0-1

[Event "Junior Online 4NCL Division 4"]
[Site "online"]
[Date "2020.10.01"]
[Round "4.221"]
[White "Jowell, Leo"]
[Black "Turner, Rufus"]
[Result "1-0"]
[WhiteElo "1172"]
[BlackElo "1000"]
[PlyCount "119"]
[EventDate "2020.10.01"]
[WhiteTeam "May The Fork Be With You 5"]
[BlackTeam "Manchester Juniors E"]

1. d4 c6 2. c4 d5 3. e3 Nf6 4. Nf3 Ne4 5. Nfd2 e6 6. Nxe4 dxe4 7. Nc3 Bb4 8.
Bd2 f5 9. Be2 c5 10. dxc5 Bxc5 11. O-O O-O 12. Qc2 Nc6 13. Rfd1 Nb4 14. Qb3 Qb6
15. a3 Nd3 16. Qxb6 Bxb6 17. Bxd3 exd3 18. Bc1 Rd8 19. b4 Bd7 20. Rxd3 Bc6 21.
Rxd8+ Bxd8 22. Bb2 Bf6 23. Rb1 Rd8 24. h3 Rd2 25. Ba1 Bh4 26. g3 Bf6 27. b5 Bf3
28. Bb2 Kf7 29. a4 b6 30. a5 Bd8 31. axb6 Bxb6 32. Na4 Bd8 33. c5 g5 34. c6 h5
35. h4 gxh4 36. gxh4 Rd5 37. b6 axb6 38. Bd4 b5 39. Nb6 Rd6 40. Rxb5 Bxc6 41.
Nc4 Bxb5 42. Nxd6+ Ke7 43. Nxb5 Kd7 44. Kg2 Bxh4 45. Kf3 Bg5 46. e4 fxe4+ 47.
Kxe4 h4 48. Kf3 h3 49. Kg3 e5 50. Bxe5 h2 51. Kxh2 Ke6 52. Bc3 Kf5 53. Kg3 Ke4
54. Nd6+ Kd3 55. Bb4 Kd4 56. Kg4 Be7 57. Nf5+ Ke5 58. Nxe7 Ke4 59. f4 Ke3 60.
f5 1-0

[Event "Junior Online 4NCL Division 4"]
[Site "online"]
[Date "2020.10.01"]
[Round "4.222"]
[White "Winser, Frederick"]
[Black "Sharma, Krish"]
[Result "0-1"]
[WhiteElo "925"]
[BlackElo "1150"]
[PlyCount "178"]
[EventDate "2020.10.01"]
[WhiteTeam "Manchester Juniors E"]
[BlackTeam "May The Fork Be With You 5"]

1. e4 c6 2. Nf3 d5 3. d3 Nf6 4. e5 Ng4 5. h3 Nh6 6. d4 Bf5 7. g4 Nxg4 8. hxg4
Bxg4 9. Bh3 Bh5 10. Bf4 e6 11. Qd3 Bb4+ 12. Nc3 Nd7 13. O-O-O Qe7 14. Bg5 f6
15. exf6 Nxf6 16. Bxf6 Qxf6 17. Bxe6 Bxf3 18. Rde1 Bxh1 19. Bxd5+ Be7 20. Bxh1
O-O 21. Qc4+ Kh8 22. Ne4 Qf4+ 23. Kb1 Rae8 24. f3 Bh4 25. Rg1 Qh2 26. Qf1 Re7
27. Rg2 Qc7 28. Rg4 Bg3 29. Rxg3 Qb6 30. c3 Ref7 31. Nd6 Rf6 32. Nc4 Qc7 33.
Rh3 Rh6 34. Rxh6 gxh6 35. Ne5 Qg7 36. f4 Qf6 37. Nd3 Qf5 38. d5 cxd5 39. Kc2
Re8 40. Kb3 Re6 41. Bg2 Rb6+ 42. Kc2 Re6 43. Bh3 Qh5 44. Bxe6 Qh2+ 45. Kb3 Qh5
46. Qg1 Qe8 47. f5 Qb5+ 48. Kc2 Qa4+ 49. Kd2 Qe8 50. Nc5 Qf8 51. Nd7 Qe8 52.
Nf6 Qf8 53. Nxd5 Qd8 54. Ke3 Qe8 55. Ke4 Qf8 56. Ke5 Qe8 57. Nc7 Qb8 58. f6
Qxc7+ 59. Kf5 Qa5+ 60. Kf4 Qa4+ 61. Ke3 Qe8 62. f7 Qxe6+ 63. Kd2 Qxf7 64. Kc2
Qg6+ 65. Kb3 Qg5 66. Qd4+ Kg8 67. Qc4+ Kg7 68. Qd4+ Kg6 69. c4 h5 70. Qd3+ Kh6
71. Qd6+ Kg7 72. c5 Qe3+ 73. Kb4 Qe4+ 74. Kc3 Qe3+ 75. Qd3 Qxd3+ 76. Kxd3 h4
77. Ke3 Kg6 78. Kf3 Kg5 79. Kg2 Kg4 80. Kh2 h3 81. b4 Kf4 82. a4 Ke5 83. b5 Kd5
84. Kxh3 Kxc5 85. b6 Kxb6 86. Kh4 Ka5 87. Kh5 Kxa4 88. Kh6 b5 89. Kxh7 b4 0-1

[Event "Junior Online 4NCL Division 4"]
[Site "online"]
[Date "2020.10.01"]
[Round "4.223"]
[White "Durling, Charlie"]
[Black "Morgan, Alice"]
[Result "1-0"]
[WhiteElo "1127"]
[BlackElo "865"]
[PlyCount "103"]
[EventDate "2020.10.01"]
[WhiteTeam "May The Fork Be With You 5"]
[BlackTeam "Manchester Juniors E"]

1. d4 Nf6 2. c4 d6 3. Nc3 Na6 4. Nf3 Bf5 5. a3 Qd7 6. Bf4 O-O-O 7. e3 Rg8 8.
Bd3 Bxd3 9. Qxd3 g5 10. Bxg5 Ng4 11. O-O Bh6 12. Bxh6 Nxh6 13. Qxh7 Qg4 14. g3
Nf5 15. Nd2 Rg7 16. h3 Rxh7 17. hxg4 Ng7 18. b4 Nb8 19. a4 Nd7 20. b5 Nb6 21.
a5 Rdh8 22. axb6 cxb6 23. Nf3 Ne6 24. Rxa7 f6 25. Ra8+ Kc7 26. Rxh8 Rxh8 27.
Nd5+ Kd7 28. Nxb6+ Kc7 29. Nd5+ Kd7 30. b6 Kc6 31. Rb1 Kd7 32. e4 Kc6 33. Nxe7+
Kd7 34. Nf5 Kc6 35. d5+ Kc5 36. dxe6 Kxc4 37. e7 Re8 38. g5 fxg5 39. Nxg5 d5
40. Ne6 Rg8 41. Nfg7 Rh8 42. e8=Q Rxe8 43. Nxe8 dxe4 44. Nd6+ Kd3 45. Nxb7 e3
46. fxe3 Kxe3 47. Nbc5 Ke2 48. b7 Kf3 49. b8=Q Ke2 50. Qb3 Kd2 51. Ne4+ Ke2 52.
Nd4# 1-0

[Event "Junior Online 4NCL Division 4"]
[Site "online"]
[Date "2020.10.01"]
[Round "4.224"]
[White "Shaktawat, Shaurya"]
[Black "Tager, Maya"]
[Result "0-1"]
[WhiteElo "745"]
[BlackElo "1075"]
[PlyCount "74"]
[EventDate "2020.10.01"]
[WhiteTeam "Manchester Juniors E"]
[BlackTeam "May The Fork Be With You 5"]

1. e4 e5 2. Nf3 Nc6 3. d4 exd4 4. Nxd4 Nxd4 5. Qxd4 c5 6. Qe3 Nf6 7. e5 Ng4 8.
Qf3 Nxe5 9. Qf5 d6 10. f4 Bxf5 11. Bb5+ Bd7 12. Be2 Ng6 13. g4 Be7 14. f5 Nf8
15. h4 g6 16. Bd3 gxf5 17. gxf5 Qa5+ 18. c3 Qb6 19. b3 Bb5 20. c4 Ba6 21. a4
Qxb3 22. Nd2 Qxd3 23. h5 Qxf5 24. Bb2 Bf6 25. O-O-O Bxb2+ 26. Kxb2 O-O-O 27.
Kc1 Ne6 28. Rde1 Nd4 29. Rhf1 Qxh5 30. Rh1 Qg6 31. Reg1 Ne2+ 32. Kd1 Nxg1 33.
Rh2 Rhg8 34. Nf3 Nxf3 35. Rf2 Qg1+ 36. Ke2 Rde8+ 37. Kxf3 Qg3# 0-1

[Event "Junior Online 4NCL Division 4"]
[Site "online"]
[Date "2020.10.01"]
[Round "4.225"]
[White "Turner, Rufus"]
[Black "Jowell, Leo"]
[Result "0-1"]
[WhiteElo "1000"]
[BlackElo "1172"]
[PlyCount "78"]
[EventDate "2020.10.01"]
[WhiteTeam "Manchester Juniors E"]
[BlackTeam "May The Fork Be With You 5"]

1. d4 Nf6 2. Bf4 d6 3. e3 g6 4. Bd3 Bg7 5. Nc3 O-O 6. Qd2 Nbd7 7. O-O-O b6 8.
Nf3 Bb7 9. e4 d5 10. exd5 Nxd5 11. Nxd5 Bxd5 12. Qe3 Bxa2 13. h4 Nf6 14. Be5
Qd5 15. Bxf6 Bxf6 16. h5 gxh5 17. Rxh5 Qxh5 18. Be4 Bg7 19. Bxa8 Bh6 20. Qxh6
Qxh6+ 21. Rd2 Rxa8 22. Kd1 Bc4 23. b3 Qh1+ 24. Ne1 Qh5+ 25. Nf3 Kh8 26. bxc4
Rg8 27. g3 Qxf3+ 28. Ke1 Rg6 29. c5 Rh6 30. Rd3 Rh1+ 31. Kd2 Qd1+ 32. Ke3 Re1+
33. Kf4 Qxc2 34. Re3 Qxf2+ 35. Ke5 Rxe3+ 36. Kd5 e6+ 37. Kc4 Qc2+ 38. Kb4 Rb3+
39. Ka4 Qa2# 0-1

[Event "Junior Online 4NCL Division 4"]
[Site "online"]
[Date "2020.10.01"]
[Round "4.226"]
[White "Sharma, Krish"]
[Black "Winser, Frederick"]
[Result "0-1"]
[WhiteElo "1150"]
[BlackElo "925"]
[PlyCount "50"]
[EventDate "2020.10.01"]
[WhiteTeam "May The Fork Be With You 5"]
[BlackTeam "Manchester Juniors E"]

1. d4 d5 2. Bf4 Nf6 3. e3 Nc6 4. Bd3 g6 5. c3 Bf5 6. Nf3 Ne4 7. Nbd2 Nxd2 8.
Qxd2 Bxd3 9. Qxd3 e6 10. O-O Bd6 11. Bg5 f6 12. Bf4 Bxf4 13. exf4 g5 14. Rfe1
Qd7 15. Rad1 gxf4 16. Rd2 e5 17. dxe5 fxe5 18. Nxe5 Nxe5 19. Ree2 Qe7 20. Qb5+
c6 21. Qb3 f3 22. gxf3 Nxf3+ 23. Kf1 Nxd2+ 24. Ke1 Nxb3 25. Rxe7+ Kxe7 0-1

[Event "Junior Online 4NCL Division 4"]
[Site "online"]
[Date "2020.10.01"]
[Round "4.227"]
[White "Morgan, Alice"]
[Black "Durling, Charlie"]
[Result "0-1"]
[WhiteElo "865"]
[BlackElo "1127"]
[PlyCount "80"]
[EventDate "2020.10.01"]
[WhiteTeam "Manchester Juniors E"]
[BlackTeam "May The Fork Be With You 5"]

1. e4 e6 2. Nc3 Nf6 3. Nf3 d5 4. Bd3 Nc6 5. O-O Bd6 6. Rb1 O-O 7. b4 Nxb4 8.
exd5 exd5 9. Ne1 Qe7 10. Nf3 c5 11. Re1 Qc7 12. a3 Nxd3 13. cxd3 a6 14. a4 d4
15. Ne4 Nxe4 16. dxe4 Bg4 17. Ba3 b5 18. axb5 axb5 19. Rb3 b4 20. Qc2 bxa3 21.
e5 Be7 22. Ra1 Bxf3 23. Rxf3 Qd7 24. Rfxa3 Rxa3 25. Rxa3 c4 26. Rh3 h6 27. Rh4
Ra8 28. f3 Bc5 29. Qxc4 Ra1+ 30. Kf2 d3+ 31. Kg3 Qa7 32. Qc3 Bf2+ 33. Kg4 Bxh4
34. Kxh4 Ra3 35. Qc8+ Kh7 36. Qf8 Qd4+ 37. Kg3 Qxe5+ 38. Kg4 Ra4+ 39. f4 Qxf4+
40. Kh3 Qg4# 0-1

[Event "Junior Online 4NCL Division 4"]
[Site "online"]
[Date "2020.10.01"]
[Round "4.228"]
[White "Tager, Maya"]
[Black "Shaktawat, Shaurya"]
[Result "0-1"]
[WhiteElo "1075"]
[BlackElo "745"]
[PlyCount "84"]
[EventDate "2020.10.01"]
[WhiteTeam "May The Fork Be With You 5"]
[BlackTeam "Manchester Juniors E"]

1. e4 e5 2. Nf3 Nc6 3. Bc4 Nf6 4. d3 Bc5 5. O-O b6 6. Bb3 Ba6 7. Nc3 Bb4 8. Bd2
Qe7 9. Bg5 Qc5 10. Bd2 Nd4 11. Nxd4 exd4 12. Na4 Qe5 13. Bxb4 Bc8 14. c3 d6 15.
cxd4 Qg5 16. g3 Ng4 17. Bd2 Qh5 18. Re1 Qxh2+ 19. Kf1 Nxf2 20. Qf3 Bh3+ 21. Ke2
Ng4+ 22. Kd1 Nf2+ 23. Kc2 Bg4 24. Qxf7+ Kd8 25. Bg5+ Kc8 26. Be6+ Kb8 27. Bxg4
Qxg3 28. Be2 Kb7 29. Qd5+ c6 30. Qf7+ Ka6 31. Qxg7 Rhc8 32. d5 b5 33. dxc6
Rxc6+ 34. Kb3 Nxe4 35. Rec1 Nd2+ 36. Ka3 Nc4+ 37. Rxc4 bxc4 38. b3 Rb8 39. bxc4
d5 40. cxd5 Qd6+ 41. Nc5+ Qxc5+ 42. Ka4 Qb4# 0-1

[Event "Junior Online 4NCL Division 4"]
[Site "online"]
[Date "2020.10.01"]
[Round "4.231"]
[White "Bogerd, Ethan"]
[Black "Dudhia, Vansh"]
[Result "1-0"]
[WhiteElo "1187"]
[BlackElo "1052"]
[PlyCount "103"]
[EventDate "2020.10.01"]
[WhiteTeam "Surbiton Juniors D"]
[BlackTeam "Barnet Knights F"]

1. d4 d5 2. Bf4 Nc6 3. Nc3 e6 4. Nb5 Bd6 5. Nxd6+ cxd6 6. h3 Nf6 7. e3 O-O 8.
Nf3 Ne4 9. Bd3 Bd7 10. O-O Qf6 11. c3 Rae8 12. Bxe4 dxe4 13. Bxd6 exf3 14. Bxf8
Rxf8 15. g3 Na5 16. b3 Qf5 17. g4 Qe4 18. Rc1 Bb5 19. c4 Bc6 20. b4 b6 21. bxa5
bxa5 22. Rb1 a4 23. Qd2 a3 24. Qb4 a6 25. Qb8 g6 26. Qd6 Kg7 27. Rb3 Qc2 28.
Qxc6 Qxa2 29. Rb6 a5 30. Ra6 Qb2 31. Rxa5 Qb8 32. Rxa3 Qd8 33. Rb3 Qe7 34. Rfb1
Rd8 35. Qb5 Rf8 36. Qe5+ Kg8 37. Rb8 Rxb8 38. Rxb8+ Qf8 39. Rxf8+ Kxf8 40. c5
Ke7 41. Qd6+ Kf6 42. c6 Kg5 43. c7 Kh4 44. Qg3+ Kg5 45. c8=Q Kh6 46. Qh4+ Kg7
47. Qc3 f6 48. d5 e5 49. d6 h6 50. Qc7+ Kh8 51. d7 Kh7 52. d8=Q# 1-0

[Event "Junior Online 4NCL Division 4"]
[Site "online"]
[Date "2020.10.01"]
[Round "4.232"]
[White "Saunders, Oliver"]
[Black "Rabie, Jamie"]
[Result "1-0"]
[WhiteElo "1052"]
[BlackElo "1112"]
[PlyCount "67"]
[EventDate "2020.10.01"]
[WhiteTeam "Barnet Knights F"]
[BlackTeam "Surbiton Juniors D"]

1. e4 e5 2. Nf3 Nc6 3. Bc4 h6 4. Nc3 Nf6 5. d3 Bb4 6. Bd2 d6 7. a3 Bc5 8. Be3
Bxe3 9. fxe3 O-O 10. Qe2 Be6 11. Nd5 Bxd5 12. Bxd5 Nxd5 13. exd5 Ne7 14. e4 Qd7
15. h3 Ng6 16. d4 f6 17. dxe5 dxe5 18. Rd1 Nf4 19. Qf2 b6 20. g3 Ng6 21. Qe2 c5
22. dxc6 Qxc6 23. h4 Rfd8 24. Rxd8+ Rxd8 25. O-O a5 26. b3 Kf7 27. h5 Ne7 28.
Nxe5+ Ke6 29. Nxc6 Nxc6 30. Qg4+ Kf7 31. Qg6+ Kg8 32. Rxf6 Nd4 33. Rf7 Kh8 34.
Qxg7# 1-0